[Event "2009 Canadian Open Chess Championship"]
[Site "Edmonton Canada"]
[Date "2009.07.12"]
[Round "2"]
[White "Gluckie, Jamin"]
[Black "Gerzhoy, Leonid"]
[Result "0-1"]
[WhiteElo "2089"]
[BlackElo "2530"]
[PlyCount "104"]
[EventDate "2009.07.11"]
[Source "MonRoi"]

1. d4 d5 2. c4 e6 3. Nc3 Nf6 4. cxd5 exd5 5. Bg5 Be7 6. e3 Nbd7 7. Bd3 O-O 8.
Qc2 Re8 9. Nge2 Nf8 10. O-O c6 11. f3 Be6 12. Bh4 c5 13. dxc5 Bxc5 14. Nd4 Rc8
15. Rac1 Ng6 16. Bxg6 hxg6 17. Rfd1 a6 18. Qd3 b5 19. Nce2 Qb6 20. Bf2 Bd7 21.
Ng3 b4 22. Re1 a5 23. Nb3 Bd6 24. e4 Rxc1 25. Rxc1 Qd8 26. exd5 Re5 27. Ne4 Bf5
28. Nxf6+ gxf6 29. Qc4 Rxd5 30. Nd4 Rc5 31. Qf1 Rxc1 32. Qxc1 Bd7 33. Qc4 Qc7
34. Qxc7 Bxc7 35. g3 Kf8 36. Kf1 Ke7 37. Ke2 Kd6 38. Kd3 Kd5 39. b3 Bb6 40. Be3
Bc8 41. Ne2 Bc7 42. Nf4+ Kc6 43. g4 f5 44. g5 Bb7 45. h4 Kb5 46. Ke2 a4 47. Nd3
Bd5 48. Nc1 Be5 49. f4 Bb2 50. Kd3 Be4+ 51. Kd2 Bb1 52. Ke2 a3 0-1

[Event "2009 Canadian Open Chess Championship"]
[Site "Edmonton Canada"]
[Date "2009.07.12"]
[Round "2"]
[White "Gorelik, Lev"]
[Black "Krush, Irina"]
[Result "0-1"]
[WhiteElo "2079"]
[BlackElo "2481"]
[PlyCount "80"]
[EventDate "2009.07.11"]
[Source "MonRoi"]

1. e4 c5 2. Nf3 d6 3. Bb5+ Nd7 4. O-O Ngf6 5. Re1 a6 6. Bxd7+ Bxd7 7. h3 e6 8.
d3 Be7 9. Nc3 O-O 10. Bg5 Bc6 11. Ne2 b5 12. Ng3 Qc7 13. c3 Bb7 14. Rc1 Rac8
15. Nh2 Kh8 16. Nh5 Nxh5 17. Bxe7 Qxe7 18. Qxh5 e5 19. Nf3 g6 20. Qh6 f6 21. b3
Qf7 22. c4 Rg8 23. Qd2 b4 24. a3 a5 25. axb4 axb4 26. Ra1 Rg7 27. Ra7 f5 28.
Rea1 Qf6 29. Qh6 Rf8 30. Ng5 fxe4 31. Nxe4 Bxe4 32. Qxg7+ Qxg7 33. Rxg7 Kxg7
34. Ra7+ Bb7 35. Rxb7+ Kf6 36. Ra7 e4 37. dxe4 Ke5 38. Re7+ Kd4 39. Re6 Kc3 40.
Rxd6 Kxb3 0-1

[Event "2009 Canadian Open Chess Championship"]
[Site "Edmonton Canada"]
[Date "2009.07.12"]
[Round "2"]
[White "Bradford, Joseph"]
[Black "Yam, Alex"]
[Result "1-0"]
[WhiteElo "2459"]
[BlackElo "2060"]
[PlyCount "55"]
[EventDate "2009.07.11"]
[Source "MonRoi"]

1. Nf3 b6 2. c4 Bb7 3. Nc3 Nf6 4. d4 e6 5. a3 Be7 6. d5 d6 7. g3 e5 8. e4 Bc8
9. h3 a5 10. Rb1 a4 11. Bd3 Bd7 12. Bc2 O-O 13. g4 h6 14. Rg1 g5 15. Nd2 Qe8
16. Nf1 Na6 17. h4 Kg7 18. hxg5 hxg5 19. Bxg5 Nxd5 20. Bh6+ Kxh6 21. g5+ Kg7
22. Nxd5 Rh8 23. Nfe3 Bd8 24. Nf6 Bxf6 25. gxf6+ Kf8 26. Nd5 Qd8 27. Ne7 Nc5
28. Qh5 1-0

[Event "2009 Canadian Open Chess Championship"]
[Site "Edmonton Canada"]
[Date "2009.07.12"]
[Round "2"]
[White "Mulyar, Michael"]
[Black "Doubleday, William"]
[Result "1-0"]
[WhiteElo "2440"]
[BlackElo "2198"]
[PlyCount "85"]
[EventDate "2009.07.11"]
[Source "MonRoi"]

1. c4 e5 2. g3 Nf6 3. Bg2 d5 4. cxd5 Nxd5 5. Nf3 Nc6 6. O-O Be7 7. d4 exd4 8.
Nxd4 Nxd4 9. Qxd4 Nf6 10. Qa4+ c6 11. Rd1 Qb6 12. Be3 Bc5 13. Bxc5 Qxc5 14. b4
Qb6 15. Na3 O-O 16. Nc4 Qc7 17. Qc2 Be6 18. Ne3 Qb6 19. a3 Ng4 20. Nxg4 Bxg4
21. Qe4 Be6 22. Rd6 Rad8 23. Rad1 Rxd6 24. Rxd6 Rd8 25. Qd3 Rxd6 26. Qxd6 g6
27. h4 h5 28. Be4 Bb3 29. Qb8+ Kh7 30. Qe5 Qd8 31. Qxh5+ Kg7 32. Qf3 Qd1+ 33.
Kg2 Bd5 34. Bxd5 cxd5 35. Qd3 Qxd3 36. exd3 Kf6 37. Kf3 Ke5 38. Ke3 d4+ 39. Kf3
f5 40. g4 b5 41. gxf5 Kxf5 42. Kg3 a6 43. Kf3 1-0

[Event "2009 Canadian Open Chess Championship"]
[Site "Edmonton Canada"]
[Date "2009.07.12"]
[Round "2"]
[White "Manley, Jason"]
[Black "Hommeles, Theo"]
[Result "0-1"]
[WhiteElo "2045"]
[BlackElo "2412"]
[PlyCount "54"]
[EventDate "2009.07.11"]
[Source "MonRoi"]

1. f4 d5 2. Nf3 g6 3. e3 Bg7 4. Be2 c5 5. O-O Nc6 6. d3 e5 7. fxe5 Nxe5 8. Nxe5
Bxe5 9. Nd2 Ne7 10. Nf3 Bg7 11. c3 O-O 12. Re1 b6 13. Bf1 Bb7 14. Qc2 f5 15. e4
dxe4 16. dxe4 fxe4 17. Ng5 Nf5 18. Bc4+ Kh8 19. Nf7+ Rxf7 20. Bxf7 Qc7 21. Bc4
Be5 22. h3 Rf8 23. g4 Nh4 24. Rf1 Bd4+ 25. cxd4 Qg3+ 26. Kh1 e3+ 27. d5 Bxd5+
0-1

[Event "2009 Canadian Open Chess Championship"]
[Site "Edmonton Canada"]
[Date "2009.07.12"]
[Round "2"]
[White "Pechenkin, Vladimir"]
[Black "Fan, Brendan"]
[Result "1-0"]
[WhiteElo "2366"]
[BlackElo "1992"]
[PlyCount "103"]
[EventDate "2009.07.11"]
[Source "MonRoi"]

1. f4 d5 2. Nf3 c5 3. e3 Nf6 4. Be2 g6 5. O-O Bg7 6. d3 O-O 7. Nc3 d4 8. Ne4
Qb6 9. Nxf6+ exf6 10. e4 f5 11. Kh1 Nc6 12. Nd2 Be6 13. exf5 gxf5 14. Nc4 Qc7
15. a4 a6 16. a5 Rad8 17. Bd2 Nb4 18. Bxb4 cxb4 19. Ra4 Qc5 20. Qd2 Bxc4 21.
dxc4 Rfe8 22. Bd3 Bf8 23. Qd1 Qc6 24. b3 Qg6 25. Qf3 Rd7 26. Qh3 Rde7 27. Bxf5
Re1 28. Ra1 Rxa1 29. Rxa1 Qg7 30. Bd3 f6 31. Qh5 Rd8 32. Re1 Rd7 33. Qf5 Kh8
34. Re6 Re7 35. Kg1 Rxe6 36. Qxe6 Qe7 37. Qxe7 Bxe7 38. Be4 Bc5 39. Kf1 b6 40.
axb6 Bxb6 41. Ke2 Kg7 42. Kd3 h6 43. Bf5 Kf7 44. Ke4 Ke7 45. Kd5 Bc7 46. g3 a5
47. c5 Bb8 48. Kxd4 Bc7 49. Kd5 Bb8 50. h4 Bc7 51. Kc6 Bd8 52. Kb7 1-0

[Event "2009 Canadian Open Chess Championship"]
[Site "Edmonton Canada"]
[Date "2009.07.12"]
[Round "2"]
[White "Abrahams, Daniel"]
[Black "Barron, Michael"]
[Result "0-1"]
[WhiteElo "2032"]
[BlackElo "2357"]
[PlyCount "94"]
[EventDate "2009.07.11"]
[Source "MonRoi"]

1. e4 e5 2. Nf3 Nc6 3. Bb5 Nf6 4. O-O Be7 5. Nc3 d6 6. Bxc6+ bxc6 7. d4 exd4 8.
Nxd4 Bd7 9. Re1 O-O 10. Bg5 h6 11. Bh4 Re8 12. Bg3 c5 13. Nb3 Bf8 14. e5 Ng4
15. Qd3 Nxe5 16. Bxe5 Rxe5 17. Rxe5 dxe5 18. Rd1 Bd6 19. Nxc5 Bg4 20. Rd2 Be7
21. Qe3 Qb8 22. Qe4 Bxc5 23. Qxg4 Qxb2 24. Qf3 Rb8 25. Rd7 Rf8 26. g4 Qxc2 27.
Ne4 Bd4 28. Kg2 Qc6 29. Rd6 Qc1 30. Rd7 a5 31. h4 c5 32. g5 Qf4 33. Qxf4 exf4
34. Rc7 Rb8 35. Nxc5 Rb2 36. Ne4 Rxa2 37. Rd7 Bb6 38. gxh6 gxh6 39. Rd6 Rb2 40.
Kf3 a4 41. Rd3 Rb3 42. Rxb3 axb3 43. Ke2 b2 44. Nd2 Kg7 45. Kf3 Kg6 46. Kg4 h5+
47. Kxf4 Bxf2 0-1

[Event "2009 Canadian Open Chess Championship"]
[Site "Edmonton Canada"]
[Date "2009.07.12"]
[Round "2"]
[White "Mackay, Ian"]
[Black "Ferreira, Alex"]
[Result "1-0"]
[WhiteElo "2328"]
[BlackElo "1987"]
[PlyCount "59"]
[EventDate "2009.07.11"]
[Source "MonRoi"]

1. d4 d5 2. Nf3 Nf6 3. c4 c6 4. Nc3 e6 5. Bf4 dxc4 6. g3 b5 7. Bg2 Nd5 8. O-O
Nxf4 9. gxf4 Bb7 10. Ne5 f6 11. Ng4 Qc7 12. e4 h5 13. Ne3 Qxf4 14. Ne2 Qc7 15.
f4 Nd7 16. a4 O-O-O 17. axb5 cxb5 18. Rxa7 Qb6 19. Qa1 Kb8 20. Qa5 Bc5 21.
Rxb7+ Kxb7 22. e5+ Kc7 23. Qc3 Bxd4 24. Nxd4 fxe5 25. Nc6 exf4 26. Rxf4 Rdf8
27. Rd4 Nf6 28. Qb4 Nd5 29. Nxd5+ exd5 30. Qe7+ 1-0

[Event "2009 Canadian Open Chess Championship"]
[Site "Edmonton Canada"]
[Date "2009.07.12"]
[Round "2"]
[White "Longo, Tyler"]
[Black "Martchenko, Alexander"]
[Result "0-1"]
[WhiteElo "1992"]
[BlackElo "2314"]
[PlyCount "66"]
[EventDate "2009.07.11"]
[Source "MonRoi"]

1. d4 d5 2. Nf3 Nf6 3. e3 c6 4. Nbd2 Bf5 5. b3 e6 6. Bd3 Bg6 7. Bb2 Bd6 8. Ne5
Nbd7 9. f4 O-O 10. O-O Qc7 11. Qf3 c5 12. Nxg6 hxg6 13. g4 cxd4 14. exd4 Bb4
15. c3 Bd6 16. Kh1 a5 17. Rac1 a4 18. Bb1 b5 19. h4 axb3 20. axb3 Qd8 21. Rf2
Nh7 22. Rh2 f5 23. g5 Re8 24. c4 bxc4 25. bxc4 Qb8 26. Rc2 Bxf4 27. Re2 Nb6 28.
cxd5 Bxd2 29. Rcxd2 exd5 30. Rd3 Re4 31. Qf2 Nc4 32. Rc3 Rxe2 33. Qxe2 Qxb2 0-1

[Event "2009 Canadian Open Chess Championship"]
[Site "Edmonton Canada"]
[Date "2009.07.12"]
[Round "2"]
[White "Langer, Michael"]
[Black "Gaciu, Vladimir"]
[Result "1-0"]
[WhiteElo "2313"]
[BlackElo "1968"]
[PlyCount "53"]
[EventDate "2009.07.11"]
[Source "MonRoi"]

1. e4 d6 2. d4 Nf6 3. Nc3 g6 4. f4 Bg7 5. Nf3 c5 6. dxc5 Qa5 7. Qd3 Qxc5 8. Be3
Qa5 9. Qb5+ Qxb5 10. Nxb5 Na6 11. Bd4 b6 12. O-O-O O-O 13. e5 dxe5 14. fxe5 Ne4
15. Bc4 Bf5 16. Rhe1 Rac8 17. b3 Nb4 18. Nxa7 Ra8 19. Bxb6 Nxa2+ 20. Kb2 Nac3
21. Ra1 Nd6 22. Kxc3 Be4 23. Bd4 Bxf3 24. exd6 Bxd4+ 25. Kxd4 Bxg2 26. dxe7
Rfb8 27. Bb5 1-0

[Event "2009 Canadian Open Chess Championship"]
[Site "Edmonton Canada"]
[Date "2009.07.12"]
[Round "2"]
[White "Dean, Tim"]
[Black "Plotkin, Victor"]
[Result "0-1"]
[WhiteElo "1990"]
[BlackElo "2310"]
[PlyCount "72"]
[EventDate "2009.07.11"]
[Source "MonRoi"]

1. e4 e5 2. Nf3 Nf6 3. Nxe5 d6 4. Nxf7 Kxf7 5. d4 Be7 6. Nc3 Re8 7. Bc4+ Be6 8.
Bxe6+ Kxe6 9. O-O Kf7 10. f4 Kg8 11. e5 dxe5 12. fxe5 Nd5 13. Ne4 Nc6 14. c3
Kh8 15. Qh5 Rf8 16. Rxf8+ Qxf8 17. Bd2 Qe8 18. Qf3 Qg8 19. Rf1 Rf8 20. Qe2
Rxf1+ 21. Qxf1 h6 22. b3 Qh7 23. Qf3 Qg6 24. h3 Nb6 25. Bc1 Nd7 26. Bb2 Nd8 27.
c4 Ne6 28. Kh2 Ng5 29. Nxg5 Bxg5 30. d5 Nc5 31. e6 Nd3 32. Bc3 Bf4+ 33. g3 Bd6
34. b4 Nxb4 35. Bxb4 Bxb4 36. Qf7 Qxf7 0-1

[Event "2009 Canadian Open Chess Championship"]
[Site "Edmonton Canada"]
[Date "2009.07.12"]
[Round "2"]
[White "Haessel, Dale"]
[Black "Kagramanov, Dalia"]
[Result "1-0"]
[WhiteElo "2276"]
[BlackElo "1941"]
[PlyCount "71"]
[EventDate "2009.07.11"]
[Source "MonRoi"]

1. d4 Nf6 2. c4 g6 3. g3 Bg7 4. Bg2 d5 5. cxd5 Nxd5 6. Nf3 Nc6 7. e4 Nb6 8. d5
Ne5 9. Nxe5 Bxe5 10. Nc3 O-O 11. Bh6 Bg7 12. Bxg7 Kxg7 13. O-O e5 14. Qb3 a6
15. Rac1 Qd6 16. a4 Rb8 17. a5 Nd7 18. Na2 c5 19. Qa3 b6 20. b4 cxb4 21. Qxb4
Qxb4 22. Nxb4 bxa5 23. Nc6 Rb5 24. Na7 Rb8 25. Rc7 Nb6 26. Nc6 Rb7 27. Rxb7
Bxb7 28. Nxe5 Re8 29. Rb1 Nc8 30. Rxb7 Rxe5 31. f4 Re8 32. e5 Kf8 33. d6 Rd8
34. Rb8 Ke8 35. Bc6+ Kf8 36. d7 1-0

[Event "2009 Canadian Open Chess Championship"]
[Site "Edmonton Canada"]
[Date "2009.07.12"]
[Round "2"]
[White "Moffat, Andrei"]
[Black "Motuz, Vitaly"]
[Result "0-1"]
[WhiteElo "2242"]
[BlackElo "1905"]
[PlyCount "92"]
[EventDate "2009.07.11"]
[Source "MonRoi"]

1. e4 e5 2. d4 exd4 3. Nf3 Nc6 4. Nxd4 Bc5 5. Nxc6 bxc6 6. Bc4 Nf6 7. Nc3 O-O
8. O-O d6 9. Bg5 Re8 10. Qf3 Bd4 11. Rfe1 h6 12. Bh4 g5 13. Bg3 Bg4 14. Qd3 c5
15. Kh1 Rb8 16. Bb3 Kg7 17. f3 Bd7 18. Rab1 Nh5 19. Ne2 Nxg3+ 20. Nxg3 Be5 21.
Nh5+ Kh8 22. Bxf7 Rf8 23. Bb3 Be8 24. Ng3 Qf6 25. c3 Qf4 26. Qe3 Qh4 27. Nf1
Bh5 28. Be6 Bf4 29. Qe2 Rbe8 30. Bh3 Be5 31. Bd7 Re7 32. g4 Rxd7 33. gxh5 Rdf7
34. Nd2 Bf4 35. Nc4 Bg3 36. Rf1 Rxf3 37. Rxf3 Rxf3 38. Qg2 Qxh5 39. e5 Bf4 40.
exd6 Rh3 41. Qa8+ Kg7 42. Qe4 Rxh2+ 43. Kg1 Qg4+ 44. Kf1 Qh3+ 45. Ke1 Qg3+ 46.
Kd1 Qg4+ 0-1

[Event "2009 Canadian Open Chess Championship"]
[Site "Edmonton Canada"]
[Date "2009.07.12"]
[Round "2"]
[White "Farine, Jonathan"]
[Black "Sundar, Avinaash"]
[Result "1/2-1/2"]
[WhiteElo "1894"]
[BlackElo "2210"]
[PlyCount "77"]
[EventDate "2009.07.11"]
[Source "MonRoi"]

1. e4 c5 2. Nc3 e6 3. f4 d5 4. Nf3 Nc6 5. Bb5 dxe4 6. Bxc6+ bxc6 7. Nxe4 Nf6 8.
Qe2 Nxe4 9. Qxe4 Qd5 10. Qa4 c4 11. O-O Qb5 12. Qxb5 cxb5 13. b3 Bc5+ 14. Kh1
cxb3 15. axb3 Bb7 16. Ra5 Bb6 17. Ra2 O-O 18. Bb2 Rfd8 19. Bc3 Rac8 20. b4 f6
21. Raa1 Kf7 22. Ng1 Be4 23. Rac1 Bb7 24. Ne2 Rd7 25. h3 Bd5 26. Rce1 Bc4 27.
Rf3 Bxe2 28. Rxe2 Rc4 29. g3 Bd8 30. Rfe3 a5 31. Re4 Rxe4 32. Rxe4 a4 33. Kg2
Bb6 34. Kf1 Bd8 35. Ke2 Rd5 36. Bb2 Bb6 37. c4 bxc4 38. Rxc4 Ke7 39. Re4
1/2-1/2

[Event "2009 Canadian Open Chess Championship"]
[Site "Edmonton Canada"]
[Date "2009.07.12"]
[Round "2"]
[White "Van Heirzeele, Daniel"]
[Black "Ludwig, David"]
[Result "1-0"]
[WhiteElo "2137"]
[BlackElo "1680"]
[PlyCount "41"]
[EventDate "2009.07.11"]
[Source "MonRoi"]

1. d4 f5 2. g3 Nf6 3. Bg2 d6 4. d5 g6 5. c4 Bg7 6. Nc3 O-O 7. Nh3 a5 8. O-O Na6
9. Be3 Bd7 10. Nf4 c6 11. h4 Nc7 12. Na4 e5 13. dxe6 Bxe6 14. Qb3 c5 15. Rad1
Qe7 16. Nxe6 Nxe6 17. Qxb7 Qxb7 18. Bxb7 Rab8 19. Bg2 Rfd8 20. b3 Kf8 21. Bd2
1-0

[Event "2009 Canadian Open Chess Championship"]
[Site "Edmonton Canada"]
[Date "2009.07.12"]
[Round "2"]
[White "White, Chris"]
[Black "Hughey, Micah"]
[Result "0-1"]
[WhiteElo "1766"]
[BlackElo "2217"]
[PlyCount "52"]
[EventDate "2009.07.11"]
[Source "MonRoi"]

1. d4 d5 2. Nf3 c5 3. e3 Nf6 4. c4 e6 5. Be2 Nc6 6. O-O Be7 7. Nc3 dxc4 8. Bxc4
O-O 9. dxc5 Bxc5 10. a3 h6 11. b4 Be7 12. Bb2 b5 13. Bb3 Qb6 14. Rc1 a5 15.
bxa5 Nxa5 16. Nd4 Nc4 17. Bxc4 bxc4 18. Ndb5 Bb7 19. Qd4 Qc6 20. f3 Bc5 21. Qf4
e5 22. Qxe5 Rfe8 23. Qxe8+ Rxe8 24. Nd4 Bxd4 25. exd4 Qb6 26. Na4 Qb3 0-1

[Event "2009 Canadian Open Chess Championship"]
[Site "Edmonton Canada"]
[Date "2009.07.13"]
[Round "3"]
[White "Shirov, Alexei"]
[Black "Piasetski, Leon"]
[Result "1-0"]
[WhiteElo "2748"]
[BlackElo "2406"]
[PlyCount "97"]
[EventDate "2009.07.11"]
[Source "MonRoi"]

1. e4 Nf6 2. e5 Nd5 3. d4 d6 4. Nf3 dxe5 5. Nxe5 c6 6. c4 Nf6 7. Nc3 Nbd7 8.
Qe2 g6 9. g3 Bg7 10. Bg2 O-O 11. O-O Nxe5 12. dxe5 Ng4 13. Bf4 Qa5 14. Rfe1 g5
15. Bxg5 Nxe5 16. Ne4 Re8 17. Bd2 Qb6 18. Bc3 Bf5 19. Bxe5 Bxe5 20. Qh5 e6 21.
g4 Bxe4 22. Qxe5 Bxg2 23. Kxg2 Rad8 24. Rad1 c5 25. b3 Kf8 26. Kg3 Rd4 27. Rxd4
cxd4 28. Rd1 Rd8 29. Rd3 Qd6 30. f4 Qa3 31. f5 Qd6 32. Kf4 exf5 33. Qxd6+ Rxd6
34. Kxf5 Re6 35. Rxd4 Re2 36. Rd7 Rxh2 37. a4 Rf2+ 38. Ke4 Re2+ 39. Kf5 Rf2+
40. Ke4 Re2+ 41. Kf3 Re7 42. Rxe7 Kxe7 43. b4 a5 44. bxa5 Kd6 45. Ke4 Kc5 46.
Kd3 Kb4 47. a6 bxa6 48. Kd4 Kxa4 49. c5 1-0

[Event "2009 Canadian Open Chess Championship"]
[Site "Edmonton Canada"]
[Date "2009.07.13"]
[Round "3"]
[White "Barron, Michael"]
[Black "Ganguly, Surya"]
[Result "0-1"]
[WhiteElo "2357"]
[BlackElo "2637"]
[PlyCount "72"]
[EventDate "2009.07.11"]
[Source "MonRoi"]

1. e4 c5 2. Nf3 e6 3. d4 cxd4 4. Nxd4 Nf6 5. Nc3 d6 6. Be2 Be7 7. O-O O-O 8. f4
Nc6 9. Be3 a6 10. a4 Qc7 11. Kh1 Bd7 12. Qe1 Nb4 13. Qg3 Kh8 14. e5 Nfd5 15.
Bd2 dxe5 16. fxe5 f6 17. Nxd5 Nxd5 18. c4 Qxe5 19. Qxe5 fxe5 20. Nf3 Nf4 21.
Nxe5 Nxe2 22. Nxd7 Rxf1+ 23. Rxf1 Rd8 24. Re1 Rxd7 25. Rxe2 Kg8 26. Kg1 Bf6 27.
Bb4 Rd1+ 28. Kf2 Rc1 29. c5 Bd4+ 30. Kf3 Kf7 31. Rd2 Rc4 32. Bc3 Bxc3 33. bxc3
Rxc3+ 34. Ke2 Rxc5 35. Rd7+ Kf6 36. Rxb7 Rc4 0-1

[Event "2009 Canadian Open Chess Championship"]
[Site "Edmonton Canada"]
[Date "2009.07.13"]
[Round "3"]
[White "Mikhalevski, Victor"]
[Black "Mackay, Ian"]
[Result "1-0"]
[WhiteElo "2631"]
[BlackElo "2328"]
[PlyCount "57"]
[EventDate "2009.07.11"]
[Source "MonRoi"]

1. d4 d5 2. c4 c6 3. Nf3 Nf6 4. e3 g6 5. Nc3 Bg7 6. Qb3 O-O 7. Bd2 dxc4 8. Bxc4
b5 9. Be2 a5 10. Qc2 Na6 11. Rc1 Bb7 12. O-O Qb8 13. e4 Nd7 14. Bg5 e5 15. Rcd1
exd4 16. Nxd4 Ndc5 17. Bg4 Re8 18. f3 Nb4 19. Qb1 Nbd3 20. Nce2 h6 21. Be3 f5
22. Bxf5 gxf5 23. Nxf5 Nxb2 24. Bxc5 Nxd1 25. Qb3+ Kh7 26. Qf7 Rg8 27. Rxd1 Qe8
28. Qxb7 Qe6 29. Rd7 1-0

[Event "2009 Canadian Open Chess Championship"]
[Site "Edmonton Canada"]
[Date "2009.07.13"]
[Round "3"]
[White "Bluvshtein, Mark"]
[Black "Reeve, Jeff"]
[Result "1-0"]
[WhiteElo "2598"]
[BlackElo "2314"]
[PlyCount "58"]
[EventDate "2009.07.11"]
[Source "MonRoi"]

1. d4 Nf6 2. c4 c5 3. d5 b5 4. cxb5 a6 5. bxa6 g6 6. Nc3 Bxa6 7. g3 d6 8. Bg2
Bg7 9. Nf3 Nbd7 10. Rb1 Nb6 11. b3 Bc8 12. Nh4 h6 13. Qc2 Qd7 14. f4 Bb7 15.
Qd2 g5 16. fxg5 hxg5 17. Qxg5 Bh6 18. Qf5 Qxf5 19. Nxf5 Bxc1 20. Rxc1 Nfxd5 21.
a4 Kd7 22. Ne4 Bc6 23. O-O e6 24. Nfxd6 f5 25. Nxf5 exf5 26. Nxc5+ Kd6 27. Rxf5
Rhf8 28. Ne4+ Kc7 29. Rg5 Ra5 1-0

[Event "2009 Canadian Open Chess Championship"]
[Site "Edmonton Canada"]
[Date "2009.07.13"]
[Round "3"]
[White "Langer, Michael"]
[Black "Perelshteyn, Eugene"]
[Result "1/2-1/2"]
[WhiteElo "2313"]
[BlackElo "2588"]
[PlyCount "154"]
[EventDate "2009.07.11"]
[Source "MonRoi"]

1. e4 e5 2. Nf3 Nc6 3. Bc4 Bc5 4. O-O Nf6 5. d3 O-O 6. Bb3 h6 7. Nbd2 d6 8. c3
a6 9. Re1 Ba7 10. Nf1 Ne7 11. Bc2 Ng6 12. Ng3 Re8 13. h3 Nh7 14. d4 Qf6 15. Be3
Ng5 16. Nh2 Nf4 17. Nf5 Qg6 18. Qg4 h5 19. Qg3 Nxe4 20. Bxe4 Bxf5 21. Qxg6 Bxg6
22. Bxb7 Rab8 23. Bc6 Nd3 24. dxe5 Bxe3 25. Rxe3 Rxe5 26. b4 Rxe3 27. fxe3 Ne5
28. Bd5 c6 29. Bb3 c5 30. bxc5 dxc5 31. Nf3 Re8 32. Nxe5 Rxe5 33. Kf2 Bd3 34.
c4 h4 35. Rd1 Be4 36. Rd2 Rg5 37. Kf1 Rg3 38. Bc2 Bxc2 39. Rxc2 Rxe3 40. Rd2
Rc3 41. Rd6 a5 42. Rd8+ Kh7 43. Ra8 Rxc4 44. Rxa5 Kg6 45. Ke2 Rc2+ 46. Kf3 Kf5
47. Ra7 Rc3+ 48. Kf2 Ke6 49. a4 g5 50. a5 Ra3 51. a6 Kd5 52. Rxf7 Rxa6 53. Rf5+
Kd4 54. Rxg5 c4 55. Rg4+ Kd3 56. Rxh4 c3 57. Rh8 Ra2+ 58. Kf3 c2 59. Rd8+ Kc3
60. Rc8+ Kd2 61. Rd8+ Kc3 62. Rc8+ Kb2 63. Rb8+ Ka1 64. Rc8 Kb1 65. Kf4 c1=Q+
66. Rxc1+ Kxc1 67. g4 Kd2 68. h4 Kd3 69. h5 Kd4 70. h6 Rh2 71. g5 Rf2+ 72. Kg3
Rf8 73. g6 Ke5 74. g7 Rg8 75. Kf3 Kf6 76. h7 Kxg7 77. hxg8=Q+ Kxg8 1/2-1/2

[Event "2009 Canadian Open Chess Championship"]
[Site "Edmonton Canada"]
[Date "2009.07.13"]
[Round "3"]
[White "Plotkin, Victor"]
[Black "Zhao, Xue"]
[Result "0-1"]
[WhiteElo "2310"]
[BlackElo "2544"]
[PlyCount "130"]
[EventDate "2009.07.11"]
[Source "MonRoi"]

1. e4 e5 2. Nf3 Nc6 3. Bc4 Bc5 4. O-O Nf6 5. Re1 d6 6. c3 Bb6 7. d3 Ne7 8. Nbd2
Ng6 9. Nf1 c6 10. d4 O-O 11. dxe5 Ng4 12. Be3 Nxe3 13. Nxe3 Nxe5 14. Nxe5 dxe5
15. Qxd8 Rxd8 16. Rad1 g6 17. Bb3 Bd7 18. h3 Bc7 19. Rd2 Be8 20. Red1 Rxd2 21.
Rxd2 Kf8 22. Kf1 Ke7 23. Ke2 h5 24. Rd1 b5 25. Rd2 Rb8 26. Rc2 Bd7 27. Rd2 Rf8
28. Rd1 Bb6 29. a4 a6 30. Ra1 Kd6 31. a5 Ba7 32. Ba2 f5 33. f3 Kc7 34. Rd1 Bc5
35. Rc1 Bc8 36. Rd1 f4 37. Nc2 g5 38. Nb4 Bxb4 39. cxb4 Rh8 40. Rh1 Rh6 41. Bf7
Bd7 42. Ba2 Kd8 43. Bb3 Ke7 44. Ba2 Rg6 45. Bb3 Be8 46. Ba2 Rf6 47. Bb3 Bg6 48.
Ba2 Rf8 49. Rc1 Rc8 50. Bb3 g4 51. h4 Be8 52. Rd1 Bd7 53. Bf7 Rh8 54. Bb3 Be8
55. Kf2 Rf8 56. Rd2 Rf6 57. Rd1 Rd6 58. Rxd6 g3+ 59. Ke2 Kxd6 60. Kd3 c5 61.
Bd5 cxb4 62. Bb7 b3 63. Bxa6 Kc7 64. Kc3 Bd7 65. Kxb3 Bh3 0-1

[Event "2009 Canadian Open Chess Championship"]
[Site "Edmonton Canada"]
[Date "2009.07.13"]
[Round "3"]
[White "Gerzhoy, Leonid"]
[Black "Haessel, Dale"]
[Result "1-0"]
[WhiteElo "2530"]
[BlackElo "2276"]
[PlyCount "51"]
[EventDate "2009.07.11"]
[Source "MonRoi"]

1. d4 Nf6 2. c4 g6 3. Nc3 d5 4. Nf3 Bg7 5. e3 O-O 6. Bd2 b6 7. cxd5 Nxd5 8. Bc4
Bb7 9. O-O Nxc3 10. Bxc3 Nd7 11. Qe2 c5 12. Rfd1 Qc7 13. Rac1 Rad8 14. Ng5 Qb8
15. dxc5 Bxc3 16. c6 Bxc6 17. Rxc3 Ne5 18. Rxd8 Qxd8 19. Nxf7 Nxf7 20. Bxf7+
Kxf7 21. Rxc6 Qd5 22. Rc4 Rd8 23. Rd4 Qa8 24. Qc4+ Kg7 25. Rxd8 Qxd8 26. Qd4+
1-0

[Event "2009 Canadian Open Chess Championship"]
[Site "Edmonton Canada"]
[Date "2009.07.13"]
[Round "3"]
[White "Quan, Zhe"]
[Black "Hambleton, Aman"]
[Result "1/2-1/2"]
[WhiteElo "2465"]
[BlackElo "2206"]
[PlyCount "143"]
[EventDate "2009.07.11"]
[Source "MonRoi"]

1. d4 Nf6 2. c4 c5 3. d5 b5 4. cxb5 a6 5. bxa6 g6 6. Nc3 Bxa6 7. e4 Bxf1 8.
Kxf1 d6 9. Nf3 Bg7 10. h3 O-O 11. Kg1 Nbd7 12. Kh2 Qa5 13. Re1 Rfb8 14. Re2 Ne8
15. Rc2 Nc7 16. Bg5 Qa6 17. Rac1 Ne5 18. Nxe5 Bxe5+ 19. f4 Bxc3 20. bxc3 f6 21.
Bh6 Qc4 22. Qg4 Kf7 23. Qd7 Ra7 24. e5 Qxd5 25. exf6 Qe6 26. Qxe6+ Nxe6 27.
fxe7 Kxe7 28. Re1 Kf7 29. Kg3 Ra3 30. Kg4 Ra4 31. Rce2 Re8 32. g3 Nc7 33. Rxe8
Nxe8 34. Bg5 Nf6+ 35. Bxf6 Kxf6 36. Re2 Ra3 37. Rc2 d5 38. Kf3 h5 39. g4 Ke6
40. Ke3 Kf6 41. Kd3 Ra4 42. Rf2 Ra3 43. f5 hxg4 44. hxg4 d4 45. fxg6+ Kxg6 46.
Rc2 Kg5 47. Kc4 dxc3 48. Kxc5 Kxg4 49. Kb4 Ra8 50. a4 Kf5 51. Rxc3 Ke6 52. Rd3
Rb8+ 53. Kc5 Ra8 54. Kb5 Rb8+ 55. Kc6 Rc8+ 56. Kb7 Rc1 57. Rb3 Ra1 58. Rb4 Kd7
59. Rd4+ Ke6 60. Kc6 Rc1+ 61. Kb5 Rb1+ 62. Kc5 Rc1+ 63. Kb4 Rb1+ 64. Ka3 Ra1+
65. Kb3 Rb1+ 66. Ka3 Ra1+ 67. Kb2 Ke5 68. Rh4 Rg1 69. Rh6 Kd5 70. a5 Kc5 71.
Rb6 Rg2+ 72. Ka3 1/2-1/2

[Event "2009 Canadian Open Chess Championship"]
[Site "Edmonton Canada"]
[Date "2009.07.13"]
[Round "3"]
[White "Moloney, Nicholas"]
[Black "Bradford, Joseph"]
[Result "1/2-1/2"]
[WhiteElo "2230"]
[BlackElo "2459"]
[PlyCount "34"]
[EventDate "2009.07.11"]
[Source "MonRoi"]

1. d4 e6 2. c4 Nf6 3. Nf3 b6 4. g3 Ba6 5. Qc2 Bb7 6. Bg2 c5 7. O-O cxd4 8. Nxd4
Bxg2 9. Kxg2 Qc7 10. b3 Nc6 11. Bb2 Be7 12. Nd2 O-O 13. Rac1 Rac8 14. Rfd1 Nxd4
15. Bxd4 d5 16. Qb2 dxc4 17. Nxc4 Qb7+ 1/2-1/2

[Event "2009 Canadian Open Chess Championship"]
[Site "Edmonton Canada"]
[Date "2009.07.13"]
[Round "3"]
[White "Motuz, Vitaly"]
[Black "Mulyar, Michael"]
[Result "0-1"]
[WhiteElo "1905"]
[BlackElo "2440"]
[PlyCount "52"]
[EventDate "2009.07.11"]
[Source "MonRoi"]

1. e4 Nf6 2. e5 Nd5 3. d4 d6 4. c4 Nb6 5. exd6 cxd6 6. Nc3 g6 7. Nf3 Bg7 8. Be2
O-O 9. O-O Bg4 10. b3 d5 11. h3 Bxf3 12. Bxf3 Nc6 13. cxd5 Nxd4 14. Ba3 Qc7 15.
Rc1 Qf4 16. Be4 Rac8 17. g3 Qe5 18. Re1 Rxc3 19. Bg2 Rxc1 20. Qxc1 Ne2+ 21.
Rxe2 Qxe2 22. d6 exd6 23. Bxd6 Rc8 24. Qf4 g5 25. Qb4 Rc1+ 26. Kh2 Qxf2 0-1

[Event "2009 Canadian Open Chess Championship"]
[Site "Edmonton Canada"]
[Date "2009.07.13"]
[Round "3"]
[White "Hommeles, Theo"]
[Black "Daniluk, Jim"]
[Result "1/2-1/2"]
[WhiteElo "2412"]
[BlackElo "2005"]
[PlyCount "41"]
[EventDate "2009.07.11"]
[Source "MonRoi"]

1. e4 c5 2. Nf3 Nc6 3. d4 cxd4 4. Nxd4 Nf6 5. Nc3 e5 6. Ndb5 d6 7. Bg5 a6 8.
Na3 b5 9. Bxf6 gxf6 10. Nd5 f5 11. g3 fxe4 12. Bg2 Be6 13. Bxe4 Bg7 14. Qd3 Nd4
15. c3 f5 16. Nc7+ Qxc7 17. Bxa8 e4 18. Bxe4 fxe4 19. Qxe4 Qc6 20. Qxc6+ Nxc6
21. Nc2 1/2-1/2